Ewolucja struktur organizacyjnych zakladów przemyslu spozywczego.

Výsledky začiatočných analytických prác v Poľsku v oblasti organizačných štruktúr spotrebného priemyslu. Prístup k výskumu. Vlastnosti štruktúr a ich fungovanie. Orientácia na výrobu alebo na trh. Závery.

Saved in:
Bibliographic Details
Main Author: Pasternak, K.
Format: Book Chapter
Language:Polish
Subjects:
Tags: Add Tag
No Tags, Be the first to tag this record!

MARC

LEADER 00000naa a2200000 4500
001 r004786
005 20221125122428.3
041 0 |a pol 
044 |a PL 
245 1 0 |a Ewolucja struktur organizacyjnych zakladów przemyslu spozywczego.  |c K. Pasternak 
520 |a Výsledky začiatočných analytických prác v Poľsku v oblasti organizačných štruktúr spotrebného priemyslu. Prístup k výskumu. Vlastnosti štruktúr a ich fungovanie. Orientácia na výrobu alebo na trh. Závery. 
610 2 0 |a štruktúra podniku organizačná 
610 2 0 |a podnik priemyselný 
610 2 0 |a priemysel spotrebný 
610 2 0 |a výroba 
610 2 0 |a trh 
610 2 0 |a PR 
100 1 |a Pasternak, K.